Les Principaux Rôles de Brad Pitt au Cinéma - Statistiques

Statistiques générales
  • Ce quiz a été pris 270 fois
  • Le résultat moyen est 7 sur 25
Statistiques - réponses
Hint Réponse % Correct
Benjamin Button L'Étrange Histoire de Benjamin Button
83%
Achille Troie
75%
Tyler Durden Fight club
72%
Joe Black Rencontre avec Joe Black
68%
John Smith Mr. et Mrs. Smith
61%
Aldo Raine Inglourious Basterds
40%
Cliff Booth Once Upon a Time… in Hollywood
37%
David Mills Seven
36%
Louis de Pointe du Lac Entretien avec un vampire
26%
Mickey O'Neil Snatch : Tu braques ou tu raques
25%
Rusty Ryan Ocean's eleven
24%
Jack Conrad Babylon
22%
Don « Wardaddy » Collier Fury
18%
Heinrich Harrer Sept ans au Tibet
16%
Roy McBride Ad Astra
12%
Tristan Ludlow Légendes d'Automne
12%
Gerry Lane World War Z
12%
Jeffrey Goines L'Armée des douze Singes
10%
Rory Devaney / Francis « Frankie » McGuire Ennemis rapprochés
9%
J.D. Thelma et Louise
9%
Paul Maclean Et au milieu coule une rivière
8%
Michael Sullivan Sleepers
8%
Tom Bishop Spy Game : Jeu d'espions
7%
Jerry Welbach Le Mexicain
4%
Floyd True Romance
4%
Aucun quiz correspondant
Distribution des résultats
% des personnes avec chaque résultat
Percentile par nombre de réponses
Votre historique - résultats
Vous n’avez pas pris ce quiz